000 00741cam a22002172 4500
001 0000024606
005 20151217152305.0
008 140113s xx 000 0 eng d
020 _a0199600519 :
040 _aKABU
_cKABU
100 1 _aGentili, Alberico.
_@0000184963
245 1 4 _aThe Wars of the Romans :
_ba critical edition and translation of De armis Romanis /
_cAlberico Gentili.
250 _a1st ed.
260 _aOxford :
_bO. U. P.,
_c2011.
300 _axxx, 388 p.
650 0 _aWar (international law)
_yEarly works to 1800.
_@0000184964
651 0 _aRome
_xHistory, military.
_yEarly works to 1800.
_@0000184965
852 1 _9p10800 KES
908 _a140113
950 _@1
999 _c10368
_d10368